Эффективность использования биогеохимического метода поиска рудных месторождений полезных ископаемых; Проблемы геологии и освоения недр; Т. 1

Bibliografiske detaljer
Parent link:Проблемы геологии и освоения недр=Problems of Geology and Subsurface Development: труды XXVIII Международного молодежного научного симпозиума имени академика М.А. Усова, посвященного 125-летию со дня рождения академика Академии наук СССР, профессора К.И. Сатпаева и 130-летию со дня рождения члена-корреспондента Академии наук СССР, профессора Ф.Н. Шахова, 1-5 апреля 2024 г., г. Томск/ Национальный исследовательский Томский политехнический университет, Инженерная школа природных ресурсов ; гл. ред. А. С. Боев ; под ред. Е. Ю. Пасечник.— .— Томск: Изд-во ТПУ, 2024
Т. 1.— 2024.— С. 65-66
Hovedforfatter: Готфрид Н. С.
Institution som forfatter: Национальный исследовательский Томский политехнический университет (570)
Andre forfattere: Язиков Е. Г. Егор Григорьевич (научный руководитель)
Summary:Заглавие с экрана
Текстовый файл
Sprog:russisk
Udgivet: 2024
Serier:Рудообразующие системы: проблемы минералогии, геохимии и петрологии
Fag:
Online adgang:http://earchive.tpu.ru/handle/11683/81470
Format: Electronisk Book Chapter
KOHA link:https://koha.lib.tpu.ru/cgi-bin/koha/opac-detail.pl?biblionumber=676442

MARC

LEADER 00000naa2a2200000 4500
001 676442
005 20241128092520.0
090 |a 676442 
100 |a 20241108d2024 k||y0rusy50 ca 
101 0 |a rus 
102 |a RU 
135 |a drcn ---uucaa 
200 1 |a Эффективность использования биогеохимического метода поиска рудных месторождений полезных ископаемых  |f Готфрид Н. С.   |g науч. рук. Е. Г. Язиков ; Национальный исследовательский Томский политехнический университет 
225 1 |a Рудообразующие системы: проблемы минералогии, геохимии и петрологии 
300 |a Заглавие с экрана 
320 |a Литература: 5 назв. 
336 |a Текстовый файл 
461 1 |0 676173  |9 676173  |t Проблемы геологии и освоения недр  |l Problems of Geology and Subsurface Development  |o труды XXVIII Международного молодежного научного симпозиума имени академика М.А. Усова, посвященного 125-летию со дня рождения академика Академии наук СССР, профессора К.И. Сатпаева и 130-летию со дня рождения члена-корреспондента Академии наук СССР, профессора Ф.Н. Шахова, 1-5 апреля 2024 г., г. Томск  |f Национальный исследовательский Томский политехнический университет, Инженерная школа природных ресурсов ; гл. ред. А. С. Боев ; под ред. Е. Ю. Пасечник  |c Томск  |d 2024  |n Изд-во ТПУ 
463 1 |0 676178  |9 676178  |t Т. 1  |d 2024  |v С. 65-66  |u conference_tpu-2024-C11_V1.pdf 
610 1 |a труды учёных ТПУ 
610 1 |a электронный ресурс 
610 1 |a биогеохимические поиски 
610 1 |a методы поиска 
610 1 |a разведка месторождений 
610 1 |a гумидные зоны 
610 1 |a умеренно влажные зоны 
610 1 |a заболоченные равнины 
610 1 |a торфяники 
610 1 |a Вьюнское рудное поле  
700 1 |a Готфрид  |b Н. С. 
702 1 |a Язиков  |b Е. Г.  |c специалист в области геологии и минералогии  |c профессор Томского политехнического университета, доктор геолого-минералогических наук, заместитель проректора по образовательной и международной деятельности  |f 1955-  |g Егор Григорьевич  |4 727 
712 0 2 |a Национальный исследовательский Томский политехнический университет  |c (2009- )  |9 26305  |4 570 
801 0 |a RU  |b 63413507  |c 20241108  |g RCR 
850 |a 63413507 
856 4 |u http://earchive.tpu.ru/handle/11683/81470  |z http://earchive.tpu.ru/handle/11683/81470 
942 |c CF